| 000 | 02531nam a2200445Ia 4500 | ||
|---|---|---|---|
| 005 | 20180312143023.0 | ||
| 008 | 130821s2009 ck ad gr spa | ||
| 020 | _a9789588378879 (3a ed) | ||
| 020 | _a9789589378220 (2a Ed) | ||
| 022 | _a2382-4069 | ||
| 040 |
_aCO-BoUCM _bspa _cJose A. Gerena (modificó) _d[Nuevo] |
||
| 041 | 0 | 0 | _aspa |
| 111 | 1 |
_aEncuentro de investigación en la Universidad del Rosario _939881 |
|
| 245 | 0 | 0 |
_aEncuentro de investigación en la Universidad del Rosario _cMaría Andrea Contreras, editora académica |
| 246 | 2 | 3 | _aEncuentro Bienal de Investigación en la Universidad del Rosario |
| 250 | _a4a ed | ||
| 260 |
_aBogotá (Colombia) _bEditorial Universidad del Rosario _c2014 |
||
| 300 |
_a431 páginas _bilustraciones, cuadros |
||
| 505 |
_g2a Ed. _tII Encuentro de investigación en la Universidad del Rosario, 10 al 12 de Mayo de 2006. |
||
| 505 |
_g3a Ed. _rIII Encuentro de investigación en la Universidad del Rosario, 6 al 8 de Octubre de 2008. |
||
| 505 |
_g4a Ed. _tEncuentro de investigación en la Universidad del Rosario, 21-23 de Octubre de 2013. N.4 |
||
| 650 | 7 |
_aAdministración pública _xInvestigaciones _vCongresos, conferencias, etc. _9355 |
|
| 650 | 7 |
_aAdministración _xInvestigaciones _vCongresos, conferencias, etc. _97252 |
|
| 650 | 7 |
_aCiencia política _xInvestigaciones _vCongresos, conferencias, etc. _9340 |
|
| 650 | 7 |
_aCiencias sociales _xInvestigaciones _vCongresos, conferencias, etc. _910815 |
|
| 650 | 7 |
_aDerecho _xInvestigaciones _vCongresos, conferencias, etc. _97494 |
|
| 650 | 7 |
_aEconomía _xInvestigaciones _vCongresos, conferencias, etc. _9174 |
|
| 650 | 7 |
_aInvestigación _917968 |
|
| 650 | 7 |
_aMedicina _xInvestigaciones _vCongresos, conferencias, etc. _9225 |
|
| 650 | 7 |
_aRehabilitación _xInvestigaciones _vCongresos, conferencias, etc. _9361 |
|
| 650 | 7 |
_aRelaciones internacionales _xInvestigaciones _vCongresos, conferencias, etc. _98042 |
|
| 650 | 7 |
_aReligión _xInvestigaciones _vCongresos, conferencias, etc. _923497 |
|
| 650 | 7 |
_aUniversidades _zColombia _vCongresos, conferencias, etc. _98214 |
|
| 690 | _aInvestigación | ||
| 700 | 1 |
_aContreras Nieto, María Andrea _939882 _eeditor |
|
| 710 | 1 |
_aUniversidad Colegio Mayor de Nuestra Señora del Rosario _bCentro de Gestión del Conocimiento y la Innovación. CGCI _939883 |
|
| 710 | 1 |
_aUniversidad Colegio Mayor de Nuestra Señora del Rosario _bDepartamento de Planeación y Desarrollo Académico _937888 |
|
| 942 |
_cLIBROUR _2DEWEY _a1 _e4 _h001.4 _mE562e _n0 |
||
| 999 |
_c60711 _d60711 |
||